01928nam a2200289 i 4500001000700000003000700007005001700014008004100031016003100072017005000103020001500153035002200168040002900190080002100219100004600240245004100286250007200327260003500399300003900434336002200473337003000495338002400525520093500549650003301484700002701517852009401544194526SpMaBN20250711063124.0240503s2002 sp | ||| ||spa 7 abimoBNE200302857912SpMaBN aM 49991-2002bOficina Depósito Legal Madrid a848460229X a(OCoLC)1004306259 aSpMaBNbspacSpMaBNerdc a821.134.2-14"19"1 aSabina, Joaquín, d1949-0XX951881eaut10aCon buena letra / cJoaquín Sabina aPrimera edición: octubre 2002bTercera edición: diciembre 2002 aMadrid :bTemas de hoy, c2002 a325 páginas :bil. col. ;c22 cm 2rdacontentatexto 2rdamediaasin mediación 2rdacarrieravolumen aCon buena letra recoge todas las canciones de Joaquín Sabina, desde sus inicios hasta la actualidad. Leerlas es descifrar el catecismo de un vividor. Porque su autor ha sabido crear un personaje que a estas alturas es ya un auténtico mito popular, ese calavera flaco e irreductible que encarna la diversión, la nocturnidad, la poesía de la calle, la pasión sin contratos, la irreverencia, la sinceridad y la utopía. El lector se sorprenderá al reconocer en estas letras parte de su mundo, y aún más al descubrir en las anotaciones manuscritas de Joaquín los nombres reales de los personajes de muchas de sus historias, los homenajes encubiertos a poetas y compositores, o la ironía con que el autor salda cuentas con su propio pasado. Los dibujos de Joaquín Sabina y las ilustraciones que ambientan cada texto permiten disfrutar doblemente de su poesía, una poesía inteligente y emocionante como pocas. 4aCanciones españolas-yS.XX1 aPrado, Benjamíneaui aES-MaACLcDEPOJjN-9936hDonación: José Lázaro GarcíaxEncuadernación cartoné